00498 a2200193 4500260001000000630006300010037001200073650002800085100001800113260002200131245005800153300001100211650002700222260000900249300000900258100000700267037001200274020001800286 aParis a62 - Ingenierie. Art de lingenieur. Technologie en general b1, WVSC a6 - SCIENCES APPLIQUEES aSklar, Joël bEditions Eyrolles aInitiation à la conception Web : cours et exercices a353 p. aSites web : création c2001 b23cm lFr aDE 9892 a0-619-01526-8